A human right to legal aid/ (Record no. 121045)
[ view plain ]
| 000 -LEADER | |
|---|---|
| fixed length control field | 00510cam a2200169 4500 |
| 008 - FIXED-LENGTH DATA ELEMENTS--GENERAL INFORMATION | |
| fixed length control field | 140328n 000 0 eng u |
| 020 ## - INTERNATIONAL STANDARD BOOK NUMBER | |
| International Standard Book Number | 9788791836374 |
| 035 ## - SYSTEM CONTROL NUMBER | |
| System control number | (Sirsi) a183065 |
| 050 ## - LIBRARY OF CONGRESS CALL NUMBER | |
| Classification number | K 133 HUM 2010 |
| 245 ## - TITLE STATEMENT | |
| Title | A human right to legal aid/ |
| Statement of responsibility, etc. | edited by Paul Dalton and Hatla Thelle |
| 260 ## - PUBLICATION, DISTRIBUTION, ETC. | |
| Place of publication, distribution, etc. | Denmark: |
| Name of publisher, distributor, etc. | Danish Institute for Human Rights, |
| Date of publication, distribution, etc. | 2010. |
| 300 ## - PHYSICAL DESCRIPTION | |
| Extent | 264p. |
| 504 ## - BIBLIOGRAPHY, ETC. NOTE | |
| Bibliography, etc. note | Includes notes and appendices |
| 650 ## - SUBJECT ADDED ENTRY--TOPICAL TERM | |
| Topical term or geographic name entry element | Legal aid |
| 700 ## - ADDED ENTRY--PERSONAL NAME | |
| Personal name | Dalton, Paul |
| 700 ## - ADDED ENTRY--PERSONAL NAME | |
| Personal name | Thelle, Hatla |
| Withdrawn status | Lost status | Source of classification or shelving scheme | Damaged status | Not for loan | Home library | Current library | Shelving location | Total Checkouts | Full call number | Barcode | Date last seen | Copy number | Price effective from | Koha item type |
|---|---|---|---|---|---|---|---|---|---|---|---|---|---|---|
| Library of Congress Classification | Main Library | Main Library | On Shelf | K 133 HUM 2010 | 33729004908427 | 08/22/2019 | 1 | 08/22/2019 | Book |